| 000 | 01724nam a22002655i 4500 | ||
|---|---|---|---|
| 001 | 15535 | ||
| 003 | ES-MaACL | ||
| 005 | 20250804062641.0 | ||
| 007 | t| | ||
| 008 | 000329s1991 sp ||||0| spa | ||
| 020 | _a84-7223-188-7 | ||
| 080 | _a821.134.2-31"19" | ||
| 100 | 1 |
_aGrandes, Almudena, _d1960-2021 _959600 |
|
| 245 | 1 | 0 |
_aTe llamaré Viernes / _cAlmudena Grandes. |
| 250 | _a1ª ed. | ||
| 260 |
_aBarcelona : _bTusquets, _c1991. |
||
| 300 |
_a360 p. ; _c21 cm. |
||
| 490 | 1 |
_aAndanzas ; _v136 |
|
| 520 | _a¿Cómo condensar en pocas líneas toda la complejidad de esta difícil historia de amor, que genera a su vez tantas otras que nos hacen pensar y sentir la abrumadora soledad en la que intentan sobrevivir estos personajes feos y huraños, crecidos en el desamor, conmovedores en medio de tanta dureza y tanta ternura ? En un Madrid sin alma, Benito ata los cabos de su accidentada existencia gris, hecha para estrellarse una y otra vez «con la miseria del héroe», hasta el día en que, cual un nuevo y desesperado Robinson urbano, encuentra a su Viernes en Manuela, con quien la Naturaleza no fue benigna pero a quien sí dotó del extraordinario don de fabular. Consuelan su tortuoso y tenue deseo de vida y amor el recuerdo insistente de las chinelas azul celeste de una madre infiel y los delirios filosóficos de Polibio, intelectual venido a menos, dueño del bar más cutre de la ciudad. A su alrededor, los demás, el jodido mundo que es como una isla desierta cuando no hay un maldito Viernes que te cuente un cuento… | ||
| 655 | 0 |
_aNovelas _9234319 |
|
| 830 | 1 | 0 |
_aColección Andanzas _v136 _9234359 |
| 852 | 4 |
_aES-MaACL _jL-22786 |
|
| 942 | _2udc | ||
| 999 |
_c15535 _d15535 |
||